000 00549nam a2200193Ia 4500
003 GCL
008 140319s9999 xx 000 0 ara d
040 _aGCL /
_cGCL
082 0 4 _aط
_b920.71
_bى ع
100 1 _aيوسف الحمادى
245 1 0 _aجمال الدين الافغانى /
_cيوسف الحمادى
260 _a[S.N] :
_bمكتبة مصر
300 _a52 ص
490 _aعظماء قهروا الياس
_v0
650 0 4 _aالاطفال
650 0 4 _aالتراجم
650 0 4 _aقصص الاطفال
942 _2ddc
_cBK
999 _c34720
_d34720